Pravopisné cvičenia k učebnici slovenského jazyka pre 3. ročník základných škôl

Bibliographic Details
Main Author: Dienerová, Eva (Author)
Format: Book
Language:Slovak
PhysicalDescription:96 s. tab. 24 cm
Published: Bratislava Slovenské pedagogické nakladateľstvo - Mladé letá 2011
ISBN:9788010020430
Edition:2. upr. vyd.
Subjects:

MARC

LEADER 00000cam a2200000 a 4500
001 vtls010271191
003 SK-MaSNL
005 20260302011719.0
008 240314s2011 xo a b p 000 0 slo
015 |a SNBA2011/12-05985 
020 |a 9788010020430  |q (brož.) 
035 |a D3B14275-110B-4147-8A26-5870B50A4F87 
035 |a urn:nbn:sk:snk-amjhl2 
035 |a urn:nbn:sk:snk-am001ymr 
040 |a SNK  |b slo  |c SNK  |e AACR2 
041 0 |a slo 
044 |a xo  |c SK 
072 7 |a 811.162.4  |x Slovenčina  |2 konspekt 
080 |a 811.162.4  |2 2001 
080 |a 81'35  |2 2001 
080 |a (075.2)  |2 2001 
080 |a 81'36  |2 2001 
080 |a (076.5)  |2 2001 
100 1 |a Dienerová, Eva  |4 aut  |9 214886 
245 1 0 |a Pravopisné cvičenia k učebnici slovenského jazyka pre 3. ročník základných škôl  |c Eva Dienerová 
250 |a 2. upr. vyd. 
260 |a Bratislava  |b Slovenské pedagogické nakladateľstvo - Mladé letá  |c 2011 
300 |a 96 s.  |b tab.  |c 24 cm 
650 0 7 |a slovenčina  |2 SNKPH  |9 1350 
650 0 7 |a Slovak language  |2 SNKPHeng  |9 266031 
650 0 7 |a gramatika  |2 SNKPH  |9 865 
650 0 7 |a pravopis  |2 SNKPH  |9 868 
650 0 7 |a Grammar  |2 SNKPHeng  |9 278150 
650 0 7 |a Orthography and spelling  |2 SNKPHeng  |9 282043 
655 7 |a učebnice základných škôl  |2 SNKPH  |9 70187 
655 7 |a praktické cvičenia  |2 SNKPH  |9 70517 
655 7 |a Textbooks (elementary)  |2 SNKPHeng  |9 276977 
655 7 |a Problems, exercises, etc.  |2 SNKPHeng  |9 278342 
852 |a Slovenská národná knižnica 
919 |a 978-80-10-02043-0 
968 |d 37 
999 |c 1007137  |d 1009067 
952 |a SNK  |b SNK  |y PREZ  |7 0  |p 17A0710464  |o snkSC 146315  |i snk2011/16258  |8 0  |0 0  |1 0  |4 0  |d 2011-07-26  |l 0  |r 2025-07-15 00:00:00  |w 2026-02-24 
952 |a SNK  |b SNK  |y VYP  |7 0  |p 17A0710463  |o snkSC 146315 D1  |i snk2011/16259  |8 0  |0 0  |1 0  |4 0  |d 2011-07-26  |f 1  |l 0  |r 2026-02-24 12:39:56  |w 2026-02-24